Fr. Conceicao Rodrigues College of Engineering

Continues and Discrete signal and system analysis (Record no. 34587)

MARC details
000 -LEADER
fixed length control field 00358nam a2200133Ia 4500
082 ## - DEWEY DECIMAL CLASSIFICATION NUMBER
Classification number 3.83
100 ## - MAIN ENTRY--PERSONAL NAME
Personal name Mcgillem/ C.D./ Cooper/ G.R.
245 ## - TITLE STATEMENT
Title Continues and Discrete signal and system analysis
260 ## - PUBLICATION, DISTRIBUTION, ETC.
Name of publisher, distributor, etc. Saunders college pub
Place of publication, distribution, etc. Philadelphia
Date of publication, distribution, etc. 1991
546 ## - LANGUAGE NOTE
Language note ENGLISH
654 ## - SUBJECT ADDED ENTRY--FACETED TOPICAL TERMS
Focus term Discrete signal and system analysis
942 ## - ADDED ENTRY ELEMENTS (KOHA)
Koha item type BOOK
Holdings
Withdrawn status Lost status Damaged status Not for loan Collection Home library Current library Shelving location Date acquired Cost, normal purchase price Total Checkouts Full call number Barcode Date last seen Cost, replacement price Price effective from Koha item type
        CRC Fr. Agnel's C.Rodrigues College of Engineering Fr. Agnel's C.Rodrigues College of Engineering   17/03/2023 498.00   3.83 5245 17/03/2023 498.00 17/03/2023 BOOK